00339nam a2200133 a 4500008004100000050001400041100002300055245002300078246005200101260000900153350000900162650001900171650001500190120416s1967 xx |||||||||||||| || u aHD 31 Jen aJennings, Eugene E14aThe mobile manager aa study of the new generation of top executives c1967 a0.00 aMOBILE MANAGER 0aMANAGEMENT